[Event "ISR-ch Youth 2019"]
[Site "Jerusalem"]
[Date "2019.04.15"]
[Round "6.8"]
[White "Dezent, Eyal"]
[Black "Blumenthal, Michael"]
[Result "0-1"]
[WhiteElo "1300"]
[BlackElo "1277"]
[Annotator "NA RC"]
[PlyCount "54"]
[EventDate "2019.04.11"]
[EventType "swiss"]
[EventCountry "ISR"]
[SourceTitle "playchess.com"]
[Source "ChessBase"]
[SourceQuality "1"]
[TimeControl "5400+30"]

1. d4 {[%emt 0:00:00]} Nf6 {[%emt 0:00:00]} 2. Nf3 {[%emt 0:00:00]} d5 {[%emt 0:00:00]} 3. e3 {[%emt 0:00:00]} c5 {[%emt 0:00:00]} 4. b3 {[%emt 0:00:20]} Nc6 {[%emt 0:00:19]} 5. Bb2 {[%emt 0:00:33]} Bg4 {[%emt 0:00:23]} 6. Be2 {[%emt 0:00:51]} e6 {[%emt 0:00:38]} 7. O-O {[%emt 0:00:18]} Bd6 {[%emt 0:00:42]} 8. Nbd2 {[%emt 0:00:24]} O-O {[%emt 0:00:48]} 9. Ne5 {[%emt 0:00:43]} Bxe2 {[%emt 0:05:57]} 10. Qxe2 {[%emt 0:00:11]} Rc8 {[%emt 0:02:50]} 11. c4 {[%emt 0:05:21]} Qe7 {[%emt 0:01:46]} 12. f4 {[%emt 0:04:25]} Rfd8 {[%emt 0:01:45]} 13. cxd5 {[%emt 0:02:23]} exd5 {[%emt 0:03:37]} 14. g4 {[%emt 0:05:30]} Nd7 {[%emt 0:09:56]} 15. g5 {[%emt 0:06:30]} cxd4 {[%emt 0:07:53]} 16. Nxc6 {[%emt 0:05:05]} Rxc6 {[%emt 0:02:03]} 17. Bxd4 {[%emt 0:00:23]} Rc2 {[%emt 0:01:38]} 18. Qd3 {[%emt 0:08:33]} Rc6 {[%emt 0:02:43]} 19. h4 {[%emt 0:05:19]} Nc5 {[%emt 0:04:18]} 20. Qe2 {[%emt 0:01:29]} Ne6 {[%emt 0:52:44]} 21. Qg2 {[%emt 0:01:50]} Nxd4 {[%emt 0:00:00]} 22. exd4 {[%emt 0:00:32]} Qe3+ {[%emt 0:00:00]} 23. Qf2 {[%emt 0:01:57]} Bxf4 {[%emt 0:00:00]} 24. Rae1 {[%emt 0:03:17]} Qxf2+ {[%emt 0:00:00]} 25. Rxf2 {[%emt 0:00:08]} Bg3 {[%emt 0:00:00]} 26. Rfe2 {[%emt 0:01:25]} Bxe1 {[%emt 0:00:00]} 27. Rxe1 {[%emt 0:00:24]} Rc2 {[%emt 0:00:00]} 0-1

[Event "ISR-ch Youth 2019"]
[Site "Jerusalem"]
[Date "2019.04.15"]
[Round "6.9"]
[White "Levin, Emily"]
[Black "Sadka Darrell, Daria"]
[Result "0-1"]
[WhiteElo "1545"]
[BlackElo "1451"]
[Annotator "NA RC"]
[PlyCount "68"]
[EventDate "2019.04.11"]
[EventType "swiss"]
[EventCountry "ISR"]
[SourceTitle "playchess.com"]
[Source "ChessBase"]
[SourceQuality "1"]
[TimeControl "5400+30"]

1. d4 {[%emt 0:00:00]} Nf6 {[%emt 0:00:45]} 2. c4 {[%emt 0:00:25]} g6 {[%emt 0:00:41]} 3. Nc3 {[%emt 0:01:39]} Bg7 {[%emt 0:02:23]} 4. e4 {[%emt 0:01:47]} d6 {[%emt 0:01:10]} 5. h3 {[%emt 0:02:15]} Nbd7 {[%emt 0:03:12]} 6. Be3 {[%emt 0:03:36]} b6 {[%emt 0:03:21]} 7. Nf3 {[%emt 0:02:13]} O-O {[%emt 0:00:54]} 8. Be2 {[%emt 0:01:17]} e5 {[%emt 0:02:09]} 9. d5 {[%emt 0:03:41]} Nc5 {[%emt 0:01:30]} 10. Bxc5 {[%emt 0:09:35]} bxc5 {[%emt 0:00:44]} 11. Nd2 {[%emt 0:01:21]} Ne8 {[%emt 0:04:17]} 12. O-O {[%emt 0:02:54]} f5 {[%emt 0:05:27]} 13. exf5 {[%emt 0:09:57]} gxf5 {[%emt 0:01:30]} 14. f3 {[%emt 0:09:56]} Qg5 {[%emt 0:02:34]} 15. Qc1 {[%emt 0:05:32]} Bh6 {[%emt 0:09:36]} 16. f4 {[%emt 0:05:38]} Qg6 {[%emt 0:01:09]} 17. Qe1 {[%emt 0:04:18]} Kh8 {[%emt 0:09:57]} 18. Qf2 {[%emt 0:08:18]} Rg8 {[%emt 0:05:56]} 19. Bd1 {[%emt 0:04:38]} Bxf4 {[%emt 0:02:32]} 20. Kh1 {[%emt 0:03:27]} Nf6 {[%emt 0:11:31]} 21. Rg1 {[%emt 0:05:59]} Qh6 {[%emt 0:03:47]} 22. Nf1 {[%emt 0:00:31]} Bg5 {[%emt 0:04:26]} 23. Bc2 {[%emt 0:01:46]} Bh4 {[%emt 0:04:07]} 24. Qe2 {[%emt 0:01:45]} Ng4 {[%emt 0:02:16]} 25. Nd1 {[%emt 0:00:28]} Rb8 {[%emt 0:02:29]} 26. g3 {[%emt 0:01:41]} Bg5 {[%emt 0:01:34]} 27. Kg2 {[%emt 0:00:25]} Nf6 {[%emt 0:00:31]} 28. Nh2 {[%emt 0:01:21]} Bh4 {[%emt 0:02:22]} 29. Nf1 {[%emt 0:03:34]} f4 {[%emt 0:02:25]} 30. Rh1 {[%emt 0:00:52]} Bxg3 {[%emt 0:01:03]} 31. Nxg3 {[%emt 0:00:56]} Rxg3+ {[%emt 0:00:12]} 32. Kf1 {[%emt 0:00:39]} Rxh3 {[%emt 0:02:09]} 33. Rxh3 {[%emt 0:00:26]} Bxh3+ {[%emt 0:00:02]} 34. Ke1 {[%emt 0:00:10]} Rg8 {[%emt 0:08:19]} 0-1

[Event "ISR-ch Youth 2019"]
[Site "Jerusalem"]
[Date "2019.04.15"]
[Round "6.11"]
[White "Orian, Noga"]
[Black "Gadasi, Noam"]
[Result "0-1"]
[WhiteElo "1502"]
[BlackElo "1653"]
[Annotator "NA RC"]
[PlyCount "144"]
[EventDate "2019.04.11"]
[EventType "swiss"]
[EventCountry "ISR"]
[SourceTitle "playchess.com"]
[Source "ChessBase"]
[SourceQuality "1"]
[TimeControl "5400+30"]

1. d4 {[%emt 0:00:00]} Nf6 {[%emt 0:00:00]} 2. c4 {[%emt 0:00:00]} c5 {[%emt 0:00:00]} 3. d5 {[%emt 0:00:00]} b5 {[%emt 0:00:00]} 4. cxb5 {[%emt 0:01:23]} a6 {[%emt 0:00:05]} 5. bxa6 {[%emt 0:01:08]} Bxa6 {[%emt 0:00:13]} 6. Nc3 {[%emt 0:00:48]} d6 {[%emt 0:00:23]} 7. Nf3 {[%emt 0:01:34]} g6 {[%emt 0:00:23]} 8. g3 {[%emt 0:04:37]} Bg7 {[%emt 0:00:09]} 9. Bg2 {[%emt 0:00:08]} O-O {[%emt 0:00:09]} 10. O-O {[%emt 0:00:49]} Nbd7 {[%emt 0:00:12]} 11. Re1 {[%emt 0:08:37]} Ng4 {[%emt 0:00:57]} 12. h3 {[%emt 0:05:12]} Nge5 {[%emt 0:00:32]} 13. e4 {[%emt 0:01:24]} Qa5 {[%emt 0:01:14]} 14. Bf1 {[%emt 0:07:50]} Bxf1 {[%emt 0:03:22]} 15. Kxf1 {[%emt 0:03:04]} Nc4 {[%emt 0:02:31]} 16. Qd3 {[%emt 0:06:57]} Qa6 {[%emt 0:02:55]} 17. Kg2 {[%emt 0:01:08]} Rfb8 {[%emt 0:01:19]} 18. b3 {[%emt 0:03:24]} Nce5 {[%emt 0:01:49]} 19. Qxa6 {[%emt 0:03:27]} Rxa6 {[%emt 0:00:09]} 20. Bd2 {[%emt 0:03:20]} c4 {[%emt 0:10:37]} 21. Nxe5 {[%emt 0:07:56]} Nxe5 {[%emt 0:00:11]} 22. f4 {[%emt 0:02:01]} Nd3 {[%emt 0:02:01]} 23. Red1 {[%emt 0:07:42]} cxb3 {[%emt 0:02:30]} 24. Rab1 {[%emt 0:11:04]} Bxc3 {[%emt 0:02:19]} 25. Bxc3 {[%emt 0:00:15]} Rxa2+ {[%emt 0:00:11]} 26. Kf3 {[%emt 0:01:24]} Nc5 {[%emt 0:01:51]} 27. e5 {[%emt 0:08:54]} Kf8 {[%emt 0:07:41]} 28. Ke3 {[%emt 0:02:17]} Ke8 {[%emt 0:06:22]} 29. Bd4 {[%emt 0:01:20]} Rc2 {[%emt 0:01:54]} 30. Rdc1 {[%emt 0:01:06]} Rxc1 {[%emt 0:16:30]} 31. Rxc1 {[%emt 0:00:02]} b2 {[%emt 0:00:11]} 32. Rb1 {[%emt 0:00:05]} Rb3+ {[%emt 0:00:10]} 33. Ke2 {[%emt 0:02:32]} Rxg3 {[%emt 0:04:58]} 34. Rxb2 {[%emt 0:00:54]} Rxh3 {[%emt 0:00:53]} 35. Rb8+ {[%emt 0:02:26]} Kd7 {[%emt 0:00:10]} 36. Rf8 {[%emt 0:00:43]} Nd3 {[%emt 0:08:26]} 37. exd6 {[%emt 0:02:22]} Nxf4+ {[%emt 0:00:31]} 38. Kf2 {[%emt 0:00:20]} Kxd6 {[%emt 0:00:55]} 39. Rxf7 {[%emt 0:00:04]} Nxd5 {[%emt 0:00:34]} 40. Rf8 {[%emt 0:00:22]} h5 {[%emt 0:01:10]} 41. Rg8 {[%emt 0:01:04]} Nf4 {[%emt 0:00:07]} 42. Be3 {[%emt 0:00:24]} Nd3+ {[%emt 0:00:42]} 43. Ke2 {[%emt 0:00:27]} Ne5 {[%emt 0:01:30]} 44. Bf4 {[%emt 0:00:11]} Ke6 {[%emt 0:00:57]} 45. Bxe5 {[%emt 0:00:07]} Kxe5 {[%emt 0:00:04]} 46. Rxg6 {[%emt 0:00:05]} e6 {[%emt 0:00:54]} 47. Kf2 {[%emt 0:00:31]} Rh4 {[%emt 0:02:17]} 48. Rh6 {[%emt 0:01:10]} Rf4+ {[%emt 0:03:13]} 49. Kg3 {[%emt 0:01:08]} Rf5 {[%emt 0:00:23]} 50. Kh4 {[%emt 0:00:10]} Kd5 {[%emt 0:02:28]} 51. Rg6 {[%emt 0:00:19]} Rf1 {[%emt 0:06:36]} 52. Rg5+ {[%emt 0:00:27]} Ke4 {[%emt 0:00:52]} 53. Ra5 {[%emt 0:00:58]} Rf4+ {[%emt 0:01:43]} 54. Kh3 {[%emt 0:00:15]} e5 {[%emt 0:00:47]} 55. Ra8 {[%emt 0:00:47]} h4 {[%emt 0:01:10]} 56. Re8 {[%emt 0:00:40]} Kd4 {[%emt 0:00:51]} 57. Rd8+ {[%emt 0:00:26]} Ke3 {[%emt 0:00:18]} 58. Ra8 {[%emt 0:00:37]} Rd4 {[%emt 0:01:30]} 59. Ra3+ {[%emt 0:00:29]} Ke2 {[%emt 0:01:03]} 60. Ra2+ {[%emt 0:00:21]} Rd2 {[%emt 0:00:24]} 61. Ra5 {[%emt 0:00:18]} Rd3+ {[%emt 0:01:03]} 62. Kxh4 {[%emt 0:00:09]} Rd4+ {[%emt 0:01:25]} 63. Kg3 {[%emt 0:00:23]} e4 {[%emt 0:00:42]} 64. Ra2+ {[%emt 0:00:09]} Rd2 {[%emt 0:00:34]} 65. Ra1 {[%emt 0:01:34]} e3 {[%emt 0:00:40]} 66. Kg2 {[%emt 0:00:33]} Rc2 {[%emt 0:02:55]} 67. Rh1 {[%emt 0:00:34]} Kd2 {[%emt 0:00:38]} 68. Kf3 {[%emt 0:00:29]} e2 {[%emt 0:00:36]} 69. Kf2 {[%emt 0:00:24]} Rc7 {[%emt 0:00:32]} 70. Ra1 {[%emt 0:00:39]} Rf7+ {[%emt 0:00:31]} 71. Kg2 {[%emt 0:00:11]} e1=Q {[%emt 0:00:21]} 72. Rxe1 {[%emt 0:00:07]} Kxe1 {[%emt 0:00:11]} 0-1

[Event "ISR-ch Youth 2019"]
[Site "Jerusalem"]
[Date "2019.04.16"]
[Round "7.1"]
[White "Zemach, Roee"]
[Black "Globus, Or"]
[Result "0-1"]
[WhiteElo "2230"]
[BlackElo "2346"]
[Annotator "ChessBase"]
[PlyCount "104"]
[EventDate "2019.04.11"]
[EventType "swiss"]
[EventCountry "ISR"]
[SourceTitle "playchess.com"]
[Source "ChessBase"]
[SourceQuality "1"]
[TimeControl "5400+30"]

1. e4 {[%emt 0:00:00]} c5 {[%emt 0:00:33]} 2. Nf3 {[%emt 0:00:15]} d6 {[%emt 0:00:38]} 3. d4 {[%emt 0:01:33]} cxd4 {[%emt 0:00:07]} 4. Nxd4 {[%emt 0:01:16]} Nf6 {[%emt 0:00:15]} 5. Nc3 {[%emt 0:00:08]} a6 {[%emt 0:00:04]} 6. Bg5 {[%emt 0:00:44]} Nbd7 {[%emt 0:00:19]} 7. Bc4 {[%emt 0:00:27]} Qb6 {[%emt 0:00:49]} 8. O-O {[%emt 0:01:36]} Qxb2 {[%emt 0:02:07]} 9. Nd5 {[%emt 0:01:20]} Nxd5 {[%emt 0:00:04]} 10. Bxd5 {[%emt 0:03:25]} e6 {[%emt 0:07:16]} 11. Rb1 {[%emt 0:13:55]} Qc3 {[%emt 0:00:11]} 12. Bxb7 {[%emt 0:01:01]} Bxb7 {[%emt 0:00:05]} 13. Rxb7 {[%emt 0:00:08]} Nc5 {[%emt 0:00:07]} 14. Rc7 {[%emt 0:04:49]} Qa5 {[%emt 0:07:27]} 15. Rc6 {[%emt 0:00:41]} Qa4 {[%emt 0:15:52]} 16. Rb6 {[%emt 0:03:39]} Nxe4 {[%emt 0:06:46]} 17. Bh4 {[%emt 0:06:07]} Rc8 {[%emt 0:07:51]} 18. Re1 {[%emt 0:04:20]} Qa5 {[%emt 0:03:10]} 19. Rc6 {[%emt 0:03:57]} Rxc6 {[%emt 0:03:54]} 20. Nxc6 {[%emt 0:00:08]} Qc7 {[%emt 0:04:57]} 21. Rxe4 {[%emt 0:03:06]} Qxc6 {[%emt 0:00:15]} 22. Rb4 {[%emt 0:06:44]} f6 {[%emt 0:00:21]} 23. Rb8+ {[%emt 0:02:53]} Kf7 {[%emt 0:00:21]} 24. Bg3 {[%emt 0:04:15]} d5 {[%emt 0:07:26]} 25. Qb1 {[%emt 0:01:50]} e5 {[%emt 0:01:17]} 26. h4 {[%emt 0:00:57]} Rg8 {[%emt 0:03:14]} 27. Rb6 {[%emt 0:04:07]} Qc4 {[%emt 0:06:06]} 28. Rb7+ {[%emt 0:00:39]} Be7 {[%emt 0:01:43]} 29. Qb6 {[%emt 0:00:15]} Re8 {[%emt 0:01:12]} 30. Qa5 {[%emt 0:03:00]} Kf8 {[%emt 0:03:45]} 31. h5 {[%emt 0:01:48]} Qxc2 {[%emt 0:02:25]} 32. Qxd5 {[%emt 0:03:47]} Rd8 {[%emt 0:01:28]} 33. Rd7 {[%emt 0:00:19]} Rxd7 {[%emt 0:01:02]} 34. Qxd7 {[%emt 0:00:08]} Qxa2 {[%emt 0:01:47]} 35. h6 {[%emt 0:00:35]} gxh6 {[%emt 0:00:30]} 36. Qc8+ {[%emt 0:00:07]} Kf7 {[%emt 0:01:49]} 37. Qf5 {[%emt 0:00:06]} Qd2 {[%emt 0:01:05]} 38. Qxh7+ {[%emt 0:00:31]} Ke6 {[%emt 0:00:29]} 39. Qg8+ {[%emt 0:00:43]} Kd7 {[%emt 0:00:26]} 40. Qg4+ {[%emt 0:02:02]} Kc7 {[%emt 0:00:59]} 41. Qc4+ {[%emt 0:02:36]} Kb6 {[%emt 0:00:12]} 42. Qe6+ {[%emt 0:00:05]} Qd6 {[%emt 0:00:10]} 43. Qb3+ {[%emt 0:00:15]} Kc7 {[%emt 0:00:43]} 44. Qa2 {[%emt 0:01:29]} Kb7 {[%emt 0:01:15]} 45. Qa4 {[%emt 0:01:04]} Qc6 {[%emt 0:04:19]} 46. Qb3+ {[%emt 0:00:25]} Qb5 {[%emt 0:00:24]} 47. Qe6 {[%emt 0:00:12]} Qc5 {[%emt 0:00:20]} 48. Qd7+ {[%emt 0:01:41]} Kb6 {[%emt 0:00:28]} 49. Kh2 {[%emt 0:00:17]} a5 {[%emt 0:00:50]} 50. f3 {[%emt 0:00:07]} Ka6 {[%emt 0:02:01]} 51. Be1 {[%emt 0:00:43]} e4 {[%emt 0:01:18]} 52. Qa4 {[%emt 0:03:30]} Bd6+ {[%emt 0:00:38]} 0-1

[Event "ISR-ch Youth 2019"]
[Site "Jerusalem"]
[Date "2019.04.16"]
[Round "7.2"]
[White "Milikow, Yoav"]
[Black "Kochavi, Ori"]
[Result "1-0"]
[WhiteElo "2256"]
[BlackElo "2200"]
[Annotator "TA"]
[PlyCount "73"]
[EventDate "2019.04.11"]
[EventType "swiss"]
[EventCountry "ISR"]
[SourceTitle "playchess.com"]
[Source "ChessBase"]
[SourceQuality "1"]

{[%evp 12,73,42,18,24,14,22,0,21,21,23,14,22,23,23,14,19,18,21,15,21,21,21,21,26,21,19,2,8,5,14,0,39,39,39,39,41,4,5,0,0,0,0,0,72,66,66,66,72,56,47,48,49,50,65,0,108,106,502,502,481,476,801,760]} 1. d4 Nf6 2. c4 g6 3. Nc3 d5 4. cxd5 Nxd5 5. e4 Nxc3 6. bxc3 Bg7 7. Qa4+ Qd7 {D85: Exchange Grünfeld: Unusual White 7th moves and lines with 7 Nf3} 8. Bb5 c6 9. Be2 c5 {The position is equal.} (9... O-O 10. Qa3 b6 11. Nf3 c5 12. d5 e6 13. Be3 exd5 14. Rd1 Re8 15. exd5 {0-1 (28) Alekseenko,K (2638)-Svidler,P (2737) St Petersburg 2018}) 10. Bb5 Nc6 {[%cal Rc5d4]} 11. Nf3 {[#] d5 is the strong threat.} O-O {[%cal Rc5d4]} 12. O-O Qc7 13. Bxc6 bxc6 14. Ba3 cxd4 15. cxd4 {[#]} Bg4 $146 16. Ne5 Bxe5 17. dxe5 Qxe5 18. f3 Bc8 19. Rab1 a5 20. Rfc1 Rd8 21. Qxc6 Rb8 (21... Be6 {feels hotter.} 22. Bxe7 Qd4+ 23. Kh1 Rdc8 24. Qb7 Qd2) 22. Qc5 Qxc5+ 23. Bxc5 Be6 24. a4 Kf8 25. Rb5 Rxb5 26. axb5 $11 {[%mdl 4096] Endgame KRB-KRB} Rb8 27. b6 {Hoping for Ra1.} Bd7 (27... a4 $1 $11) 28. Be3 $16 {And now Rc7 would win.} Rb7 29. Kf2 Ke8 30. g4 f6 31. h4 a4 32. Ke1 Be6 33. Kd2 (33. Rc3 $14) 33... Rb8 (33... a3 $11 {keeps the balance.}) 34. Rc7 Bd7 $2 {[%mdl 8192] [#]} (34... a3 $16) 35. b7 $18 {White is clearly winning.} a3 {intending ...a2.} 36. Kc1 Bc6 (36... a2 $142 37. Kb2 Rd8) 37. Rc8+ {[%mdl 64] Double Attack. Accuracy: White = 67%, Black = 57%.} 1-0

[Event "ISR-ch Youth 2019"]
[Site "Jerusalem"]
[Date "2019.04.16"]
[Round "7.3"]
[White "Hoffmann, Yair"]
[Black "Yaniv, Yuval"]
[Result "1-0"]
[WhiteElo "2103"]
[BlackElo "2139"]
[Annotator "TA"]
[PlyCount "57"]
[EventDate "2019.04.11"]
[EventType "swiss"]
[EventCountry "ISR"]
[SourceTitle "playchess.com"]
[Source "ChessBase"]
[SourceQuality "1"]

{[%evp 18,57,20,5,28,20,28,16,18,17,19,14,-2,-53,-26,-113,0,0,17,8,11,5,15,0,0,-10,-10,-32,-16,-10,-22,-16,0,0,50,56,140,140,274,281,856,850]} 1. d4 Nf6 2. Nf3 g6 3. Bf4 Bg7 4. e3 d6 5. h3 O-O 6. Be2 c5 7. c3 b6 8. O-O Bb7 9. Nbd2 Nbd7 10. Re1 Ne4 {A48: 1 d4 Nf6 2 Nf3 g6: Torre, London and Colle Systems} (10... a6 11. a4 cxd4 12. exd4 Nd5 13. Bh2 Bh6 14. Bf1 a5 15. Nc4 N7f6 16. Na3 Bf4 17. Bxf4 Nxf4 18. g3 N4d5 19. Bg2 {½-½ (64) Kamsky,G (2741)-Svidler,P (2747) Loo 2013}) 11. Nxe4 Bxe4 12. Bc4 $146 ({Predecessor:} 12. Bh2 Qc7 13. a4 Qb7 14. Bf1 Bc6 15. Nd2 e5 16. Nc4 Qc7 17. dxc5 d5 18. cxb6 axb6 {½-½ (31) Quante,L (2062)-Holtel,J (2269) Willingen 2016}) 12... Qc7 {The position is equal.} 13. Ng5 cxd4 14. Bxf7+ Rxf7 15. Qb3 ({White should play} 15. Nxe4 $11 dxc3 16. Rc1) 15... Raf8 $15 16. exd4 (16. Nxe4 $11 {keeps the balance.} dxc3 17. Nxc3) 16... e5 ({And not} 16... Bc2 17. Qxc2 Rxf4 18. Qb3+ (18. Ne6 Qc6 $11) 18... Kh8 19. Ne6 $16 (19. Rxe7 Qc6 $14)) (16... Bd3 $1 $17 {[%cal Rd3c4] aiming for ...Bc4.} 17. Nxf7 Bc4 {[%mdl 64] Double Attack}) 17. Bxe5 $11 dxe5 18. Nxf7 Rxf7 19. Rxe4 Bf8 20. Rae1 exd4 21. cxd4 Nf6 22. Re6 Kg7 {[%mdl 1024] Black has compensation.} 23. a3 Qd7 24. Qc4 Bd6 25. g3 h5 26. d5 {Strongly threatening Qd3.} Qd8 {[#]} (26... h4 $1 $14) 27. b4 $1 $16 Rd7 {[#]} (27... Re7 $16 28. Qc3 Rxe6 29. Rxe6 Kf7) 28. Qd4 $1 $18 Bf8 $2 (28... h4 29. gxh4 (29. Qxh4 Bf8 $18) 29... Rf7) 29. Re8 {Accuracy: White = 49%, Black = 28%.} 1-0

[Event "ISR-ch Youth 2019"]
[Site "Jerusalem"]
[Date "2019.04.16"]
[Round "7.5"]
[White "Etingof, Yury"]
[Black "Cohen, Elad"]
[Result "0-1"]
[WhiteElo "1630"]
[BlackElo "1828"]
[Annotator "NA RC"]
[PlyCount "74"]
[EventDate "2019.04.11"]
[EventType "swiss"]
[EventCountry "ISR"]
[SourceTitle "playchess.com"]
[Source "ChessBase"]
[SourceQuality "1"]
[TimeControl "5400+30"]

{[%evp 8,74,41,37,31,32767,32767,32767,32767,32767,32767,32767,32767,32767,32767,32767,32767,32767,32767,32767,32767,0,66,32767,-87,-106,-61,-97,-103,-158,-159,-179,-174,-216,-242,-237,-203,-239,-250,-367,-389,-338,-364,-366,32767,32767,32767,32767,-569,-594,32767,32767,32767,-767,-709,-531,-937,-719,-1010,32767,32767,32767,32767,32767,-1342,-1786,-29979,-1866,-5195]} 1. e4 {[%emt 0:00:00]} e5 {[%emt 0:00:00]} 2. Nf3 {[%emt 0:00:00]} Nc6 {[%emt 0:00:00]} 3. Bb5 {[%emt 0:00:08]} Nf6 {[%emt 0:00:02]} 4. O-O {[%emt 0:01:45]} Nxe4 {[%emt 0:00:22] LiveBook: 8099 Games} 5. d4 {[%emt 0:00:46]} Nd6 {[%emt 0:00:10]} 6. Bxc6 {[%emt 0:02:15]} dxc6 {[%emt 0:00:05]} 7. dxe5 {[%emt 0:00:05]} Nf5 {[%emt 0:00:05]} 8. Qxd8+ {[%emt 0:00:14]} Kxd8 {[%emt 0:00:06]} 9. Bg5+ {[%emt 0:00:26]} Be7 {[%emt 0:00:13]} 10. Nc3 {[%emt 0:00:41]} Bxg5 {[%emt 0:00:24] C67: Ruy Lopez: Berlin Defence: 4 0-0 Nxe4} 11. Rad1+ {[%emt 0:00:37]} Ke7 {[%emt 0:01:37]} 12. Nxg5 {[%emt 0:00:09]} h6 {[%emt 0:00:05]} 13. Nf3 {[%emt 0:01:58]} g5 {[%emt 0:00:12]} 14. Ne4 {[%emt 0:06:44]} b6 $146 {[%emt 0:00:35]} ({Black should play Predecessor:} 14... Be6 $11 15. Nc5 Rhd8 16. Nxb7 Rdb8 17. Na5 Rxb2 18. Nxc6+ {1-0 (49) Nijboer,F (2553)-Jonkman,H (2436) Wijk aan Zee 2003}) 15. Nd4 {[%emt 0:05:02]} Nxd4 {[%emt 0:01:35]} 16. Rxd4 {[%emt 0:00:07]} Bf5 {[%emt 0:04:28]} 17. Ng3 {[%emt 0:04:23]} Bxc2 {[%emt 0:06:50]} 18. Rc1 {[%emt 0:00:11]} (18. Rd2 $142 Bg6 19. Ne2) 18... c5 {[%emt 0:00:06]} 19. Rd2 {[%emt 0:01:33]} Bg6 {[%emt 0:03:05]} 20. b4 {[%emt 0:01:55]} Rhd8 {[%emt 0:00:59]} 21. Rb2 {[%emt 0:04:02] [#]} c4 $1 {[%emt 0:01:32]} 22. f3 {[%emt 0:01:10]} b5 {[%emt 0:01:10]} 23. Ne4 {[%emt 0:01:06]} Bxe4 {[%emt 0:03:45]} 24. fxe4 {[%emt 0:00:08]} Rd4 {[%emt 0:00:45]} 25. Re2 {[%emt 0:00:58]} Rad8 {[%emt 0:02:09]} 26. Rcc2 {[%emt 0:03:35]} Ke6 {[%emt 0:01:51]} 27. Kf2 {[%emt 0:01:05]} Kxe5 {[%emt 0:00:38]} 28. Kf3 {[%emt 0:00:34]} Rd3+ {[%emt 0:01:54]} 29. Kg4 {[%emt 0:00:29]} R8d4 {[%emt 0:00:35]} 30. g3 {[%emt 0:00:49]} Rxe4+ {[%emt 0:00:38]} 31. Kh5 {[%emt 0:00:36]} Rxe2 {[%emt 0:02:00]} 32. Rxe2+ {[%emt 0:00:11]} Kd4 $19 {[%emt 0:00:36]} 33. Kxh6 {[%emt 0:00:33]} c3 {[%emt 0:00:27]} 34. Kxg5 {[%emt 0:00:12]} Rd2 {[%emt 0:00:30]} 35. Re7 {[%emt 0:00:24]} c5 {[%emt 0:01:33]} 36. bxc5 {[%emt 0:00:16]} c2 {[%emt 0:00:13]} 37. Rxf7 {[%emt 0:00:24]} c1=Q {[%emt 0:00:11]} 0-1

[Event "ISR-ch Youth 2019"]
[Site "Jerusalem"]
[Date "2019.04.16"]
[Round "7.6"]
[White "Pevzner, Maks"]
[Black "Milikow, Elie"]
[Result "0-1"]
[WhiteElo "1643"]
[BlackElo "2199"]
[Annotator "TA"]
[PlyCount "72"]
[EventDate "2019.04.11"]
[EventType "swiss"]
[EventCountry "ISR"]
[SourceTitle "playchess.com"]
[Source "ChessBase"]
[SourceQuality "1"]

{[%evp 9,71,-17,0,0,15,14,10,3,18,-7,-12,-9,-6,-8,1,14,12,-61,-76,-62,-58,-82,-31,-50,-41,-83,-104,-95,-76,-100,-56,-80,-16,-17,0,-540,-147,-174,-179,-183,-159,-252,-256,-328,-331,-1421,-1395,-1269,-1010,-996,-991,-901,-756,-708,-648,-1218,-1217,-1168,-1154,-872,-858,-29998,-29999,-29999]} 1. d4 Nf6 2. Bf4 g6 3. e3 Bg7 4. Nf3 O-O 5. h4 (5. h3 d6 6. Be2 Nbd7 7. O-O b6 8. a4 a5 9. Bh2 Bb7 10. c4 Re8 11. Nc3 e5 12. Qc2 exd4 13. exd4 Ne4 14. Rfe1 Nxc3 15. bxc3 Qf6 16. Nd2 h5 17. Bf3 Bxf3 18. Nxf3 {½-½ (64) Kovalenko,I (2657)-Maghsoodloo,P (2688) St Petersburg 2018}) 5... h5 6. Be2 {A48: 1 d4 Nf6 2 Nf3 g6: Torre, London and Colle Systems} d6 7. Nbd2 $146 ({Predecessor:} 7. Ng5 c5 8. c3 cxd4 9. exd4 Nc6 10. Nd2 Bf5 11. f3 e5 12. dxe5 dxe5 {0-1 (33) Esposito,M-Saez,F (2281) Marseille 2003}) 7... Ng4 8. c3 {The position is equal.} e5 9. dxe5 dxe5 10. Bg3 $1 Qe7 11. Qc2 Nc6 12. Ng5 Bh6 13. Bc4 (13. O-O-O $11) 13... Kg7 $1 $15 14. O-O-O f6 15. Nh3 Bxe3 (15... Rd8 $17 16. Ne4 Bf5) 16. fxe3 Nxe3 {[%mdl 64] Double Attack} 17. Qd3 Nxd1 18. Rxd1 Rd8 19. Qe3 Bf5 20. Re1 Rd7 (20... Na5 $17 {Strongly threatening ...Rxd2!} 21. Bf1 Qe6) 21. Ne4 $11 Rad8 $36 {[%cal Ba8d8,Bd8d4,Bd4c4,Bc4c2,Bc2b2][%mdl 2080] aiming for ...Na5. Black has the initiative.} 22. Nc5 $2 {[%mdl 8192] [#]} (22. Nhf2 $1 $11 {and White is okay.}) 22... Rd4 $2 (22... Na5 $1 $19 {[%cal Ra5c4] is more deadly.} 23. Bb5 {[#]} Rd2 $1 {[%mdl 512]}) 23. cxd4 $17 Rxd4 24. Ne6+ Bxe6 25. Bxe6 (25. Bb3 $17 {keeps fighting.}) 25... Qxe6 $19 26. Qb3 Rc4+ 27. Kd2 $2 (27. Kb1 Qf5+ 28. Ka1) 27... Qd5+ 28. Ke3 Qc5+ 29. Kd2 Nd4 30. Qd3 Rc2+ 31. Kd1 Rxb2 32. Bf2 Qb4 {( -> ...Qa4+)} 33. Bxd4 Rb1+ 34. Kc2 Rxe1 35. Bc3 Qb1+ {[%mdl 64] Double Attack} 36. Kd2 Qc1# {Accuracy: White = 41%, Black = 53%.} 0-1